| 000 | 004730000a22001810004500 | ||
|---|---|---|---|
| 003 | MACL | ||
| 005 | 20150801124549.0 | ||
| 008 | 150801b xxu||||| |||| 00| 0 eng d | ||
| 040 |
_aMACL _cMACL |
||
| 041 | _aEnglish | ||
| 082 | _a363/HAM | ||
| 100 |
_aHameed Syeda S _94012 |
||
| 245 |
_aThey Hang _bTwelve Woman In My Portrait Gallery |
||
| 260 |
_bWomen Unlimited _c2006 _aNew Delhi |
||
| 350 | _a275 | ||
| 650 |
_aSocial Problem & Services _94013 |
||
| 942 |
_cBK _k363 _2ddc |
||
| 999 |
_c1721 _d1721 |
||